000 00534nam a2200217 a 4500
999 _c4104
_d4104
001 4104
003 BD-JhCC
005 20171123103557.0
008 171122s1964 uk |||| |||| 000 0 eng d
035 _a(BD-JhCC)
040 _aBD-JhCC
_dBD-JhCC
041 _aeng
082 _a741.642
_bWAL 1964
100 _aWalton, John
245 _aSix Explorers /
_cJohn Walton
260 _aLondon :
_bOxford University Press,
_c1964
300 _a61 p. :
_c14 cm.
650 _aExplorers
650 _aCounting-out rhymes
942 _2ddc
_cBK